000 00609cam8a220018100 4500
001 zam00006472
008 970717n xx eng u
035 _a(Sirsi) r136472
040 _dUPRA
100 _aGibney, Mark.
_6A108881.1
245 1 2 _aA critique of norway's refugee/asylum policy and proposals for change.
260 _aOslo :
_bNowegian Institute of Human Rights,
_c1990.
520 _aThis paper examines Norway's refugee asylum policy.
650 4 _aRefugees.
_6S51270.1
650 4 _aUNHCR -- Migration.
_xUNHCR -- Migration.
_6S82156.1
949 1 0 _mINESOR
_tBOOK
_lON-SHELF
004 136472
999 _c24836
_d24836